| 000 | 00949nac a22002777a 4500 | ||
|---|---|---|---|
| 001 | BR6008298 | ||
| 003 | BR-BrBNA | ||
| 005 | 20240105113224.0 | ||
| 008 | 230509b bl.|||m| |||| 00| 0 por d | ||
| 040 |
_aBR-BrBNA _bpor _cBiblioteca Nacional de Agricultura |
||
| 072 | _aF30 | ||
| 090 | _a3240 BR6008298 | ||
| 100 | 1 | _aFishwick, R.W. | |
| 110 | 1 |
_aProjeto de Desenvolvimento e Pesquisa Florestal, Brasilia, DF (Brasil) _98062 |
|
| 245 | 1 | _aComportamento de especies/procedencias de Eucalyptus em regiao Sul do Brasil, diante da geada de 1975 | |
| 260 | 3 |
_aBrasilia, DF (Brasil): _c1976. |
|
| 300 | _a20 p. | ||
| 490 |
_aComunicacao Tecnica - Projeto de Desenvolvimento e Pesquisa Florestal (Brazil) _vno. 3 _x |
||
| 650 | _aCOMPORTAMENTO DE VARIEDADE | ||
| 650 | _aVARIEDADE RESISTENTE | ||
| 650 | _aEUCALIPTO | ||
| 650 | _aGEADA | ||
| 650 | _aREGIAO SUL | ||
| 909 |
_a202312 _bLúcia Elande _c55 _dLúcia Elande |
||
| 942 |
_2AGRIS _n0 _cMS |
||
| 999 |
_c262551 _d262551 |
||